000 00466nam a2200133Ia 4500
008 100328s9999 xx 000 0 und d
082 _b58493
100 _aबोरवणकर निलिमा.
245 _aपंचतारांकित दुनियेत.
260 _bउन्मेष.
630 _aपंचतारांकित दुनियेत.
730 _aपंचतारांकित दुनियेत.
942 _cBOOK
999 _c544823
_d544820